| 000 | 00568cam a2200181 4500 | ||
|---|---|---|---|
| 001 | BUCI011075 | ||
| 008 | r19751971mx spa | ||
| 035 | _aBUCI011075 | ||
| 245 | 0 | 3 |
_aEl Socialismo yugoslavo actual / _cP. Vraniki...[et al.] ; tr. de Carlos Castro, Angel Gonzalez Vega y Carlos Gerhard. |
| 260 |
_aMéxico : _bGrijalbo, _c1975 |
||
| 300 |
_a261 p. ; _c20 cm. |
||
| 440 | 0 | _aTeoría y praxis | |
| 650 | 4 | _aSocialismo en Yugoslavia | |
| 700 | 1 | _aVraniki, P. | |
| 700 | 1 | _aCastro, Carlos, tr. | |
| 942 |
_2lcc _cLIB |
||
| 999 |
_c121692 _d121692 |
||